Memory Minefield Quiz Stats

 Plays Quiz Updated Jul 13, 2018

Challenge
Share
Tweet
Embed
Score 0/198 Timer 08:00
0 Plays Today
% Correct
3???
99.7%
5???
99.7%
9???
99.7%
13???
99.7%
15???
99.7%
16???
99.7%
18???
99.7%
19???
99.7%
20???
99.7%
25???
99.7%
26???
99.7%
27???
99.7%
28???
99.7%
29???
99.7%
30???
99.7%
32???
99.7%
35???
99.7%
36???
99.7%
39???
99.7%
40???
99.7%
41???
99.7%
42???
99.7%
44???
99.7%
45???
99.7%
47???
99.7%
48???
99.7%
50???
99.7%
51???
99.7%
53???
99.7%
55???
99.7%
57???
99.7%
61???
99.7%
62???
99.7%
67???
99.7%
69???
99.7%
70???
99.7%
76???
99.7%
77???
99.7%
78???
99.7%
82???
99.7%
84???
99.7%
86???
99.7%
89???
99.7%
90???
99.7%
93???
99.7%
95???
99.7%
96???
99.7%
97???
99.7%
99???
99.7%
104???
99.7%
107???
99.7%
108???
99.7%
110???
99.7%
115???
99.7%
116???
99.7%
117???
99.7%
118???
99.7%
122???
99.7%
123???
99.7%
124???
99.7%
125???
99.7%
127???
99.7%
128???
99.7%
132???
99.7%
134???
99.7%
135???
99.7%
% Correct
137???
99.7%
138???
99.7%
143???
99.7%
144???
99.7%
145???
99.7%
149???
99.7%
150???
99.7%
154???
99.7%
157???
99.7%
158???
99.7%
159???
99.7%
162???
99.7%
163???
99.7%
164???
99.7%
167???
99.7%
171???
99.7%
174???
99.7%
175???
99.7%
176???
99.7%
177???
99.7%
180???
99.7%
182???
99.7%
186???
99.7%
187???
99.7%
188???
99.7%
189???
99.7%
192???
99.7%
193???
99.7%
194???
99.7%
196???
99.7%
197???
99.7%
198???
99.7%
94???
14.5%
73???
14.4%
119???
14.4%
140???
14.3%
184???
14.3%
148???
14.2%
139???
14.2%
91???
14.2%
12???
14.2%
68???
14.2%
165???
14.2%
100???
14.2%
92???
14.1%
105???
14.1%
64???
14.1%
75???
14.1%
156???
14.1%
161???
14%
21???
14%
141???
14%
37???
14%
33???
14%
178???
14%
22???
14%
153???
14%
179???
14%
131???
14%
113???
14%
166???
14%
72???
14%
88???
14%
38???
14%
80???
14%
121???
14%
% Correct
173???
14%
190???
14%
4???
13.9%
34???
13.9%
63???
13.9%
85???
13.9%
147???
13.9%
23???
13.9%
58???
13.9%
31???
13.9%
151???
13.9%
155???
13.9%
170???
13.9%
83???
13.9%
183???
13.9%
185???
13.9%
71???
13.9%
87???
13.9%
6???
13.9%
7???
13.9%
112???
13.9%
66???
13.8%
152???
13.8%
106???
13.8%
79???
13.8%
168???
13.8%
43???
13.8%
101???
13.8%
111???
13.8%
11???
13.8%
14???
13.8%
169???
13.8%
195???
13.8%
59???
13.8%
74???
13.8%
103???
13.8%
126???
13.8%
24???
13.8%
56???
13.7%
46???
13.7%
133???
13.7%
136???
13.7%
10???
13.7%
8???
13.7%
109???
13.7%
49???
13.7%
172???
13.7%
60???
13.7%
114???
13.7%
191???
13.7%
65???
13.7%
146???
13.7%
81???
13.6%
54???
13.6%
102???
13.6%
52???
13.6%
98???
13.6%
120???
13.6%
142???
13.6%
17???
13.6%
129???
13.6%
181???
13.5%
2???
13.5%
130???
13.4%
160???
13.4%
1???
9.1%

You're not logged in!

Compare scores with friends on all Sporcle quizzes.
Join for Free
OR
Log In

You Might Also Like...

Show Comments

Extras

Top Quizzes Today


Score Distribution

Your Account Isn't Verified!

In order to create a playlist on Sporcle, you need to verify the email address you used during registration. Go to your Sporcle Settings to finish the process.

Report this User

Report this user for behavior that violates our Community Guidelines.

Details: